00441nam a2200181Ia 450000500170000000800410001702000180005804100080007608200150008410000130009924500210011225000120013326000350014530000100018050000280019065000280021870000130024620251122100718.0230125s9999 xx 000 0 und d a9781630415204 aeng a158.1bTAL aTalbot C aBreaking Through a1st Ed. c2014bMatrix ConsultingaDubai a167 p aPersonality Development aPersonality Development aTalbot C